Caricamento...

Fisheries development and the food needs of Mauritius

Dettagli Bibliografici
Autore principale: Paul, E C
Natura: Printed Book
Pubblicazione: A A Balkema Publishers, Netherlands 1987
Soggetti:
LEADER 00633nam a2200193 4500
020
082 |a 338.3727 PAU-F 
100 |a Paul, E C 
245 |a Fisheries development and the food needs of Mauritius 
250
260 |a A A Balkema Publishers, Netherlands  |c 1987 
300 |a 216 
490
500
590 |a Priya  |b 2011-03-31 10:56:39 
650 |a Fisheries - economics-- management-- industries-- products-- technology-- fishing policy-- comm. fishing 
942 |c BK 
999 |c 96457  |d 96457 
952 |0 0  |1 0  |4 0  |6 338_372700000000000_PAUF  |7 0  |9 109925  |a AQU  |b AQU  |l 0  |o 338.3727 PAU-F  |p AQU02835  |r 2019-09-25  |w 2019-09-25  |y BK